000 00572nam a2200253Ia 4500
003 IT-RoPAU
005 20220918175710.0
008 120407s9999 xx 000 0 und d
040 _aIT-RoPAU
040 _cIT-RoPAU
041 _aita
100 _aJean Gribomont
_935343
100 _ca cura di
_923181
245 _aCommentaria in S. Regula, I
250 _aRoma
260 _aPontificio Ateneo S. Anselmo
260 _c1982
300 _a143 p.
300 _c24 cm
490 _aStudia Anselmiana 84
490 _v1
942 _cBK
_2ddc
999 _c25729
_d25729